00297pab a2200109 454500008004000000100002300040245004700063260000900110300000900119650003000128773002900158180718b1989 xxu||||| |||| 00| 0 eng d aBrintnall, Michael aFuture directions for Federal urban policy c1989 a1-20 aUrban Conditions - U.S.A. aJournal of Urban Affairs